A bela adormecida (Registo nº 1821)

Detalhes MARC
000 -Etiqueta do registo
Cabeçalho 00826nam a22002891 4500
005 - Identificador da versão
Campo de controlo 20240813121917.0
095 ## -
-- PTBN00005080
021 ## - Número do Depósito Legal
Código do país PT
Número 32922/89
100 ## - Dados gerais de processamento
Dados gerais de processamento 20070514d1989 cd y0pory5003 ba
102 ## - Pais de publicação ou produção
País de publicação Portugal
101 1# - Língua de publicação
Língua do texto, banda sonora, etc. Português
Língua do documento no original Espanhol
106 ## - Campo de dados codificados: material textual
Dados codificados do material textual r
105 ## - Campo de dados codificados: livros
Dados codificados dos livros a t 000zy
215 ## - Descrição física 
Indicação específica da natureza do documento e extensão da espécie [36] p.
Outras indicações físicas todo il.
Dimensões 31 cm
200 1# - Titulo e menção de responsabilidade
Título próprio A bela adormecida
Primeira menção de responsabilidade il. Art Studium
Outras menções de responsabilidade trad. Helena Figueiredo Lima
225 2# - Colecção 
Título próprio da colecção Histórias para sempre
210 ## - Publicação, Distribuição, etc. 
Lugar da edição, distribuição, etc. Lisboa
Nome do editor, distribuidor, etc. Celbrasil
Data da publicação, distribuição, etc. imp. 1989
327 0# - Nota de conteúdo 
Texto da nota Adaptação
606 ## - Nome comum usado como assunto
Número de registo de entrada de autoridade 0000243
Palavra de ordem Literatura estrangeira infantil
Subdivisão de assunto Banda desenhada
675 ## - Classificação Decimal Universal (CDU)
Notação 82-9
Edição
Língua da edição por
702 #1 - Nome de autor-pessoa física (responsabilidade secundária)
Número de registo de entrada de autoridade 0000245
Palavra de ordem Lima
Outra parte do nome não tomada para palavra de ordem Maria Helena Figueiredo
Código de função Tradutor
700 #1 - Nome de autor-pessoa física (responsabilidade principal)
Número de registo de entrada de autoridade 0000244
Palavra de ordem Art Studium
942 ## - Elementos de entrada adicionados (Koha)
Tipo de item no Koha Livro
Exemplares
Situação do levantamento Origin of item (home branch) (coded) Biblioteca de empréstimo Código de barras Cota Circulation type (not for loan) Tipo de documento Nota do exemplar Damaged status
  Biblioteca Escolar da Coca Maravilhas Biblioteca Escolar da Coca Maravilhas BECM4791/00 8BD STU   Livro Sem mensagem